LEADER 01061nam0 2200289 450 001 000038315 005 20140908100749.0 010 $a0-19-281660-8 100 $a20140908d1987----km-y0itaa50------ba 101 0 $aeng 102 $aGB 200 1 $a<> complete stalky & co.$fRudyard Kipling$gedited with an introduction by Isabel Quigly 210 $aOxford ; New York$cOxford University Press$d1987 215 $aXXXVII, 325 p.$d19 cm 225 2 $a<> World's classics 410 0$12001$a<> World's classics 676 $a823.8$v(22. ed.)$9Narrativa inglese. Periodo vittoriano, 1837-1899 700 1$aKipling,$bRudyard$05091 702 1$aQuigly,$bIsabel 801 0$aIT$bUniversità della Basilicata - B.I.A.$gREICAT$2unimarc 912 $a000038315 996 $aComplete stalky & co$999913 997 $aUNIBAS BAS $aLETTERE CAT $aEXT017$b01$c20140908$lBAS01$h1007 FMT Z30 -1$lBAS01$LBAS01$mBOOK$1BASA1$APolo Storico-Umanistico$2DSLF$BCollezione DiSLF$3DF/E1410$63224$5F3224$820140908$f04$FPrestabile Didattica LEADER 02017oam 2200541 450 001 9910707026803321 005 20160330150720.0 035 $a(CKB)5470000002461222 035 $a(OCoLC)755248994 035 $a(EXLCZ)995470000002461222 100 $a20110930j199708 ua 0 101 0 $aeng 135 $aurbn||||||||| 181 $ctxt$2rdacontent 182 $cc$2rdamedia 183 $acr$2rdacarrier 200 10$aDynamic ground effect for a cranked arrow wing airplane / Robert E. Curry 210 1$aWashington, D.C. :$cNational Aeronautics and Space Administration, Office of Management, Scientific and Technical Information Program,$dAugust 1997. 215 $a1 online resource (17 pages) $cillustrations 225 1 $aNASA technical memorandum ;$v4799 300 $aTitle from title screen (viewed March 30, 2016). 300 $a"August 1997." 300 $a"Performing organization: NASA Dryden Flight Research Center, Edwards, California"--Report documentation page. 320 $aIncludes bibliographical references (pages 16-17). 606 $aAerodynamic characteristics$2nasat 606 $aFlight tests$2nasat 606 $aSupersonic transports$2nasat 606 $aAerodynamic drag$2nasat 606 $aArrow wings$2nasat 615 7$aAerodynamic characteristics. 615 7$aFlight tests. 615 7$aSupersonic transports. 615 7$aAerodynamic drag. 615 7$aArrow wings. 700 $aCurry$b Robert E.$01412496 712 02$aNASA Dryden Flight Research Center. 712 02$aUnited States.$bNational Aeronautics and Space Administration.$bScientific and Technical Information Program, 712 02$aUnited States.$bNational Aeronautics and Space Administration, 801 0$bOCLCE 801 1$bOCLCE 801 2$bOCLCQ 801 2$bOCLCF 801 2$bOCLCO 801 2$bGPO 906 $aBOOK 912 $a9910707026803321 996 $aDynamic ground effect for a cranked arrow wing airplane$93506165 997 $aUNINA